Á lódáil...

Language in the legal process

Sonraí Bibleagrafaíochta
Príomhúdar: Janet Cotteril (ed.)
Formáid: Printed Book
Foilsithe: New York Palgrave Macmillan 2002
Ábhair:
Law
LEADER 00685nam a22002051a 4500
020 |a 0-333-96902-1  |c 0.00 
040 |a SSUS - Library - Kalady 
082 |a 340.14  |b JAN/L 
100 |a Janet Cotteril (ed.) 
245 |a Language in the legal process  |h [Text] 
260 |a New York  |b Palgrave Macmillan  |c 2002 
300 |a 276p. 
600 |a Court Language 
600 |a Language Legal 
600 |a Language Police Interview 
600 |a Law 
852 |k Reference  |h 340.14  |i JAN/L  |p 054781  |9 4235.00  |t 0 
942 |c REF 
999 |c 25265  |d 25265 
952 |0 0  |1 0  |4 0  |6 R_340_140000000000000_JAN_L  |7 0  |9 36357  |a SSUS  |b SSUS  |d 2015-01-08  |g 4235.00  |o R 340.14 JAN/L  |p 054781  |r 2015-01-08  |v 0.00  |w 2015-01-08  |y REF